| 000 | 00639nam a22001937a 4500 | ||
|---|---|---|---|
| 005 | 20180502145240.0 | ||
| 010 | _aENG-122575 | ||
| 020 |
_a9789352806058 _c850.00 |
||
| 035 | _aEN-106107 | ||
| 037 | _bDBAD/PUB | ||
| 082 | _a371.102 | ||
| 100 | _aMurray, John | ||
| 245 |
_aDesigning and implementing effective professional learning / _cby John Murray |
||
| 260 |
_aNew Delhi _bSage Publications _c2018 |
||
| 270 |
_aB-1/I-1, Mohan Cooperative Industrial Area, Mathura Road, _bNew Delhi _e110044 |
||
| 300 |
_a226p. _c25cm.(pbk) _bill. |
||
| 500 | _aIt include reference and index | ||
| 942 |
_2ddc _cEN _mMUR _h371.102 |
||
| 999 |
_c151192 _d151192 |
||